Statistics for Rappers Quiz by Famous Song

Click here to take the quiz!

General Stats

  • This quiz has been taken 135 times
  • The average score is 9 of 17

Answer Stats

HintAnswer% Correct
God's PlanDrake
98%
Slim ShadyEminem
94%
SICKO MODETravis Scott
91%
StrongerKanye West
78%
Gucci GangLil Pump
76%
Big PoppaBiggie
63%
This is AmericaChildish Gambino
59%
LolipopLil Wayne
57%
Straight Outta ComptonN.W.A
56%
ill-maticNas
43%
C.R.E.A.MWu-Tang Clan
37%
HotYoung Thug
33%
Out WestJACKBOYS
30%
Look Back At ItA Boogie wit da Hoodie
23%
Is Ya ReadyKay Flock
9%
reneelost boys
2%
Grabba(Remix)Ron Suno
1%

Score Distribution

Percentile by Number Answered

Percent of People with Each Score

Your Score History

You have not taken this quiz